| 000 | 00599nam a2200193Ia 4500 | ||
|---|---|---|---|
| 003 | GCL | ||
| 008 | 140319s9999 xx 000 0 eng d | ||
| 040 |
_aGCL / _cGCL |
||
| 082 | 0 | 4 |
_a658.402 _bF B |
| 100 | 1 | _aFITZ-ENZ, JAC | |
| 245 | 1 | 0 |
_aBENCHMARKING STAFF PEREFORMANCE: HOW STAFF DEPARTMENTS CAN ENHANCE / _cFITZ-ENZ, JAC |
| 260 |
_a[S.N] : _bJOSSEY-BASS PUBLISHERS ، _c1993 |
||
| 300 | _a218 P | ||
| 490 |
_aJOSSEY-BASS MANAGEMENT SERIES _v0 |
||
| 650 | 0 | 4 | _aLINE AND STAFF ORGANIZATION |
| 650 | 0 | 4 | _aORGANIZATIONAL EFFECTIVENESS |
| 650 | 0 | 4 | _aBENCHMARKING ( MANAGEMENT ) |
| 942 |
_2ddc _cBK |
||
| 999 |
_c21689 _d21689 |
||